| 000 | 00601nam a22001937a 4500 | ||
|---|---|---|---|
| 999 |
_c11549 _d11549 |
||
| 003 | OSt | ||
| 005 | 20200131105651.0 | ||
| 008 | 181211b ||||| |||| 00| 0 eng d | ||
| 022 | _a00116009 | ||
| 040 | _c0 | ||
| 082 | _aDPer 792.805 D19 Mar-Aug 2016 v.90, n.3-8 | ||
| 100 |
_aCarman, Joseph. _933119 |
||
| 245 |
_aFinal bow: _bembrace the last step of your career/ _cJoseph Carman. |
||
| 260 |
_aNew York: _bDance Media, _c©Mar 2016 - Aug 2016. |
||
| 300 |
_a v. 90, n.3, pages 50-51. _bcolored illustrations: _c25 cm. |
||
| 500 | _aDance magazine | ||
| 650 |
_aBallet. _933244 |
||
| 942 |
_2ddc _cPER |
||